• 首页
  • 本馆介绍
  • 公告通知
  • 最新文献
  • 馆藏检索
  • 电子资源
  • 读者导购
  • 参考咨询
  • 我的图书馆
  • 登录
  • 详细信息显示
  • 放入我的书架
  • 预约/预借图书
  • 作者相关作品
  • 分类相关作品
  • 丛书相关作品
  • 出版社相关作品

书目信息

  • 表格格式
  • 工作单格式
  • 卡片格式
题名:
旅游信息管理
    
 
作者: 张利生 编著
分册:  
出版信息: 大连   东北财经大学出版社  1999.06
页数: 230页
开本: 20cm
丛书名:
单 册:
中图分类: F590.6
科图分类:
主题词: 旅游业--经济信息--信息管理
电子资源:
ISBN: 7-81044-500-6
000 00608nam0 2200205 45
001 0112180916
005 20031219104051.9
010    @a7-81044-500-6@dCNY11.50
100    @a20011218d1999 km y0chiy0120 ea
101 0  @achi
105    @a z 000yy
200 1  @a旅游信息管理@ALu You Xin Xi Guan Li@f张利生编著@FZhang Li Sheng Bian Zhu
210    @a大连@c东北财经大学出版社@d1999.06
215    @a230页@d20cm
300    @a高等专科旅游管理专业系列教材
606 0  @a旅游业@x经济信息@x信息管理
690    @aF590.6@v4
701    @a张利生@4编著
801    @aCN@bTSTC@c20011218
905    @f5@b301600-604@dF590.6@e12
    
    旅游信息管理/张利生编著.-大连:东北财经大学出版社,1999.06
    230页;20cm
    高等专科旅游管理专业系列教材
    
    ISBN 7-81044-500-6:CNY11.50
    
●
相关链接 在E读中查询图书 在五车中查询图书 在当当中查询图书 在豆瓣中查询图书


正题名:旅游信息管理     索取号:F590.6/12         预约/预借

序号 登录号 条形码 馆藏地/架位号 状态 备注
1 0301600   203016002   第一借阅区/ [索取号:F590.6/12] 在馆    
2 0301601   203016011   第一借阅区/ [索取号:F590.6/12] 在馆    
3 0301602   203016020   第一借阅区/ [索取号:F590.6/12] 在馆    
4 0301603   203016039   第一借阅区/ [索取号:F590.6/12] 在馆    
5 0301604   203016048   第一样本阅览室/ [索取号:F590.6/12] 在馆    
唐山师范学院图书馆 欢迎您!
大连网信软件有限公司© 版权所有